Best Selling McDonald's Menu Items - Statistics

General Stats
  • This quiz has been taken 1,506 times
  • The average score is 4 of 10
Answer Stats
Answer % Correct
2 Big Mac
96%
1 French Fries
87%
7 Chicken Nuggets
67%
4 Happy Meal
32%
5 Egg McMuffin
24%
6 Apple Pie/Apple Slice
21%
9 Double Cheeseburger
17%
8 Premium Salads
12%
10 McGriddles Breakfast Sandwich
9%
3 Snack Wraps
9%
No matching quizzes found
Score Distribution
Percent of People with Each Score
Percentile by Number Answered
Your Score History
You have not taken this quiz